| 000 | 01372nam a2200253Ia 4500 | ||
|---|---|---|---|
| 999 |
_c55009 _d55009 |
||
| 001 | 22080 | ||
| 003 | GE_BSU | ||
| 005 | 20190918165611.0 | ||
| 008 | 181216s2017|||| |||||||||||||| ||geo|| | ||
| 020 | _a9789941462573 | ||
| 040 | _cGE_BSU | ||
| 041 | _ageo | ||
| 080 | _a512.53(042.4) დ-43 | ||
| 100 |
_aდიასამიძე , იაშა. _94093 |
||
| 245 |
_aბინარულ მიმართებათა სრული ნახევარჯგუფების რეგულარული ელემენტები : [ლექციების კურსი] / _cიაშა დიასამიძე, ; რედ : სანდრო ლაშხი. |
||
| 264 |
_aბათუმი : _bბათუმის შოთა რუსთაველის სახელმწ. უნ-ტის გამ-ბა, _c2017. |
||
| 300 |
_a300 გვ .: _c21 სმ. |
||
| 501 | _aგამოყენ.ლიტ.გვ:290-297 | ||
| 504 | _aბიბლოგრ.გვ:299-300. | ||
| 653 | _aალგებრა | ||
| 653 | _aბინარულ მიმართებათა სრული ნახევარჯგუფების რეგულარული ელემენტები. | ||
| 700 |
_aსანდცრო ლაშხი _eრედაქტორი _94094 |
||
| 942 |
_cBK _2udc |
||